01036 a2200277 450000500170000002000180001702000150003505000210005010000300007124500530010125000200015426400490017430000370022333600260026033700280028633800270031450400510034150500060039252000060039865000130040465000200041765000230043785601090046085600940056985600950066320260511130109.0 a9781405131346 a140513134900aRC372b.SHO 20051 aShorvon, SImon D.eauthor10aHandbook of epilepsy treatment /cSimon Shorvon. aSecond edition. aMassachusetts :bBlackwell Publishing,c2005 axi, 304 pages :billustrations ; atextbtxt2rdacontent aunmediatedbn2rdamedia avolumebnc2rdacarrier aIncludes bibliographical references and index.0 a. a. 0aEpilepsy 0aAnticonvulsants12aEpilepsyxtherapy.423Contributor biographical informationuhttp://catdir.loc.gov/catdir/enhancements/fy1011/2010015320-b.html423Publisher descriptionuhttp://catdir.loc.gov/catdir/enhancements/fy1011/2010015320-d.html413Table of contents onlyuhttp://catdir.loc.gov/catdir/enhancements/fy1011/2010015320-t.html